000
00276 a2200109 4500
001
64614
082
_a
005.369 CAT
090
_c
38213
_d
38213
100
_a
Catapult
245
_a
Microsoft excel for windows 95 step by step with CD
260
_a
Washington
_b
Microsoft Press
942
_a
NUST-CAE
_k
005.369 CAT
999
_c
299687
_d
299687